| 000 | 06643nam a2200733 a 4500 | ||
|---|---|---|---|
| 005 | 20070129104434.0 | ||
| 008 | 080825t xxu||||| |||| 00| 0 eng d | ||
| 010 | _a B-276496-535 | ||
| 020 |
_a8131700747 _c399.00 |
||
| 035 | _aB-276496-535 | ||
| 037 | _bUBH | ||
| 040 |
_aDPL _bEnglish |
||
| 082 | _a000 | ||
| 100 | _aThorpe, Edgar | ||
| 245 |
_aThe Pearson guide to the CDS examinations / _cby Edgar Thorpe [and] Showick Thorpe |
||
| 260 |
_aDelhi _bPearson Education _c2008 |
||
| 300 |
_aVarious pagings _c26 cm (pbk) |
||
| 700 | _aThorpe, Showick | ||
| 856 |
_3Table of contents only _uhttp://www.loc.gov/catdir/toc/ecip0620/2006028544.html |
||
| 942 |
_2ddc _cEN _mTHO _h000 |
||
| 999 |
_c15069 _d15069 |
||